| 000 | 00653nam a2200241Ia 4500 | ||
|---|---|---|---|
| 001 | 34023 | ||
| 005 | 20240114001711.0 | ||
| 007 | ta | ||
| 008 | 070109s1906 g b000 u u | ||
| 040 | _aCotton College,Assam | ||
| 082 |
_a491.25 _bP 27 V |
||
| 100 | _aPatanjali, . | ||
| 245 | 0 |
_aThe Vyakarana Mahabhashya: Vol. II / _cPatanjali. _hTextual Documents |
|
| 250 | _a1st ed. / | ||
| 260 |
_aBombay : _bGovt. Central Book Depot , _c1906. |
||
| 300 |
_a416p. ; _c22cm. |
||
| 653 | _aSanskrit Language-Grammar | ||
| 653 | _aG-Languages | ||
| 700 | _aKielhorn, F. . | ||
| 942 |
_2ddc _cBK |
||
| 999 |
_c34005 _d34005 |
||